000
00273nam a2200109Ia 4500
008
220204s9999 xx 000 0 und d
082
_a
658.513(035)
_b
OBR
100
_a
Obrien, James J
245
0
_a
Scheduling handbook
260
_a
New York
_b
McGraw Hill
_c
1969
942
_c
BK
999
_c
28425
_d
28425